000
00356nam a2200133Ia 4500
008
151001s9999||||xx |||||||||||||| ||und||
100
_a
म अ खाडीलकर
245
_a
विरंगुंळा
250
_a
1
260
_b
अंजली प्रकाशन पुणे
260
_c
1996
300
_a
55
365
_b
21
999
_c
972614
_d
972611